000 00400nam a2200145Ia 4500
008 240729s9999 xx 000 0 und d
022 _a2231-170X
245 0 _aJournal of Medical and Allied Sciences
260 _aIndia
260 _bDeccan College of Medical Sciences
650 _aMedicine
856 _uhttps://doaj.org/toc/e6576552b0124683b88ba7f12eca37e0
942 _2ddc
942 _cDOAJEJ
999 _c71086
_d71086
945 _a1
_bMadushi Gamage
_c1
_dMadushi Gamage